00471nam a22001337a 4500003000400000005001700004008004100021040002700062100007600089245009800165250000800263260005800271300000800329OSt20240404123417.0240404b |||||||| |||| 00| 0 eng d cCentral Library MRSPTU aGurbachan Singh Talib (ਗੁਰਬਚਨ ਸਿੰਘ ਤਾਲਿਬ) aDharam Di Utpati Te Vikas (Punjabi) (ਧਰਮ ਦੀ ਉਤਪਤੀ ਤੇ ਵਿਕਾਸ) a3rd aPatialabPublication Bureau Punjabi University c1991 a115